000 00510nam a2200169Ia 4500
008 110201s9999 xx 000 0 und d
082 _bB8216
_aKS 1231
100 _aदिवाण वृंदा
245 _aस्वीकार
260 _bअमोल पब्लिशिंग हाऊस
365 _b140
600 _aदिवाण वृंदा
630 _aस्वीकार
700 _aदिवाण वृंदा
730 _aस्वीकार
942 _cBOOK
999 _c833706
_d833703